|
|
|
|
| LEADER |
01535cas a2200241 a 4500 |
| 001 |
AALejournalIMF007770 |
| 008 |
230101c9999 xx r poo 0 0eng d |
| 020 |
|
|
|c 5.00 USD
|
| 020 |
|
|
|z 9781451980165
|
| 022 |
|
|
|a 1018-5941
|
| 040 |
|
|
|a BD-DhAAL
|c BD-DhAAL
|
| 110 |
2 |
|
|a International Monetary Fund.
|
| 245 |
1 |
0 |
|a Simple Analytics :
|b Debt-Equity Swaps and Debt forgiveness.
|
| 264 |
|
1 |
|a Washington, D.C. :
|b International Monetary Fund,
|c 1988.
|
| 300 |
|
|
|a 1 online resource (42 pages)
|
| 490 |
1 |
|
|a IMF Working Papers
|
| 500 |
|
|
|a <strong>Off-Campus Access:</strong> No User ID or Password Required
|
| 500 |
|
|
|a <strong>On-Campus Access:</strong> No User ID or Password Required
|
| 506 |
|
|
|a Electronic access restricted to authorized BRAC University faculty, staff and students
|
| 520 |
3 |
|
|a This paper is concerned with debt-equity swaps in which foreign residents are a party to the exchange (i.e., it does not deal with flight capital), and with debt forgiveness. The seemingly unrelated issues of debt-equity swaps and debt forgiveness are jointly treated in this study, because debt forgiveness is in fact a special case of debt-equity swaps. Namely, it is a swap in which a positive amount of debt is exchanged for zero equity. For this reason these two problems have many common features.
|
| 538 |
|
|
|a Mode of access: Internet
|
| 830 |
|
0 |
|a IMF Working Papers; Working Paper ;
|v No. 1988/030
|
| 856 |
4 |
0 |
|z Full text available on IMF
|u http://elibrary.imf.org/view/journals/001/1988/030/001.1988.issue-030-en.xml
|z IMF e-Library
|